Ερευνα κοινωνικής αναγνωρισιμότητας του τουρισμού στα νησιά : Πάρο, Σαντορίνη, Κύθηρα

Αποθηκεύτηκε σε:
Λεπτομέρειες βιβλιογραφικής εγγραφής
Κύριος συγγραφέας: Σταύρου, Σπύρος Λ.
Συγγραφή απο Οργανισμό/Αρχή: Ελληνικός Οργανισμός Τουρισμού
Μορφή: Βιβλίο
Γλώσσα:Greek
Δημοσίευση: Αθήνα : Ε.Ο.Τ., 1986
Θέματα:
Ετικέτες: Προσθήκη ετικέτας
Δεν υπάρχουν, Καταχωρήστε ετικέτα πρώτοι!

MARC

LEADER 00000cam a2200000 i 4500
001 1/61470
008 960502s1986 gre d
035 |l 10028900 
040 |a GR-MY-UA  |b gre  |e aacr 
041 0 |a gre 
082 0 |a 338.4791949 
100 1 |a Σταύρου, Σπύρος Λ. 
110 2 |a Ελληνικός Οργανισμός Τουρισμού. 
245 1 0 |a Ερευνα κοινωνικής αναγνωρισιμότητας του τουρισμού στα νησιά :  |b Πάρο, Σαντορίνη, Κύθηρα 
260 |a Αθήνα :   |b Ε.Ο.Τ.,   |c 1986 
300 |a 72 σ. 
500 |a Σημ. : Ανω του τίτλου : Ελληνικός Οργανισμός Τουρισμού. 
650 0 |a Tourism  |z Greece  |z Paros (Municipality) 
650 0 |a Tourism  |z Greece  |z Santorini Island. 
650 0 |a Tourism  |x Statistics  |z Greece  |z Santorini Island. 
650 0 |a Tourism  |x Statistics  |z Greece  |z Paros (Municipality) 
650 0 |a Tourism  |z Greece  |z Kythera Island. 
650 0 |a Tourism  |x Statistics  |z Greece  |z Kythera Island. 
852 |a INST  |b CHIOS  |e 19960502  |h 338.4791495 ΣΤΑ  |p 005200005177  |q 005200005177  |t BK  |y 0 
852 |a INST  |b CHIOS  |e 19960726  |h 338.4791495 ΣΤΑ  |p 005200008653  |q 005200008653  |t BK  |y 0 
852 |a INST  |b CHIOS  |e 20010209  |h 338.4791495 ΣΤΑ  |p 005200032671  |q 005200032671  |t BK  |y 0